Catálogo

Ciencia y religión hoy : (Registro nro. 45523)

Detalles MARC
000 -LEADER
fixed length control field 01086cam a2200289 i 4500
001 - CONTROL NUMBER
control field 45523
003 - CONTROL NUMBER IDENTIFIER
control field Mx-PuUPA
005 - DATE AND TIME OF LATEST TRANSACTION
control field 20230519101607.0
008 - FIXED-LENGTH DATA ELEMENTS--GENERAL INFORMATION
fixed length control field 140415s2003 puma gr 000 0 spa d
020 ## - INTERNATIONAL STANDARD BOOK NUMBER
International Standard Book Number 9685595
040 ## - CATALOGING SOURCE
Original cataloging agency Mx-PuUPA
Language of cataloging spa
Transcribing agency Mx-PuUPA
Modifying agency Mx-PuUPA
Description conventions rda
041 0# - LANGUAGE CODE
Language code of text/sound track or separate title spa
043 ## - GEOGRAPHIC AREA CODE
Source of local code mx-mxbn
Local GAC code n-mx-pu
110 2# - MAIN ENTRY--CORPORATE NAME
9 (RLIN) 14023
Corporate name or jurisdiction name as entry element Centro de Estudios de Ciencia y Religión,
Relator term autor
245 10 - TITLE STATEMENT
Title Ciencia y religión hoy :
Remainder of title diálogos en torno a la naturaleza /
Statement of responsibility, etc. Centro de Estudios de Ciencia y Religión ; Eugenio Urrutia Albisua y Juan José Blázquez Ortega, compiladores
264 #1 - PRODUCTION, PUBLICATION, DISTRIBUTION, MANUFACTURE, AND COPYRIGHT NOTICE
Place of production, publication, distribution, manufacture Puebla, Puebla, México :
Name of producer, publisher, distributor, manufacturer Ed. UPAEP,
Date of production, publication, distribution, manufacture, or copyright notice ©2003
300 ## - PHYSICAL DESCRIPTION
Extent xiii, 283 páginas :
Other physical details ilustraciones ;
Dimensions 22 cm
336 ## - CONTENT TYPE
Content type term texto
Fuente rdacontent
Content type code txt
337 ## - MEDIA TYPE
Media type term sin medio
Source rdamedia
Media type code n
338 ## - CARRIER TYPE
Carrier type term volumen
Source rdacarrier
Carrier type code nc
650 #7 - SUBJECT ADDED ENTRY--TOPICAL TERM
Topical term or geographic name entry element Religión y ciencia
Source of heading or term armarc
700 1# - ADDED ENTRY--PERSONAL NAME
Personal name Urrutia Albisua, Eugenio,
Relator term compilador
700 1# - ADDED ENTRY--PERSONAL NAME
Personal name Blázquez Ortega, Juan José,
Relator term compilador
942 ## - ADDED ENTRY ELEMENTS (KOHA)
Source of classification or shelving scheme Dewey Decimal Classification
Classification part 261.55
Item part C56
Koha item type Libro
Existencias
Withdrawn status Lost status Source of classification or shelving scheme Damaged status Not for loan Collection code Home library Current library Shelving location Date acquired Source of acquisition Total Checkouts Full call number Barcode Date last seen Date last checked out Price effective from Koha item type Copy number
    Dewey Decimal Classification     General Biblioteca Karol Wojtyla Biblioteca Karol Wojtyla Sala general 03/12/2013 Compra 1 261.55 CIE 68397 05/01/2026 17/10/2019 20/11/2015 Libro  
    Dewey Decimal Classification     General Biblioteca Karol Wojtyla Biblioteca Karol Wojtyla Sala general 03/12/2013 Compra 2 261.55 C56 2003 69933 05/01/2026 03/09/2019 20/11/2015 Libro Ej.2
    Dewey Decimal Classification     General Centro de Estudios en Ciencia y Religión Centro de Estudios en Ciencia y Religión Sala general 10/02/2015 Compra   261.55 CIE 2003 86496 05/01/2026   20/11/2015 Libro